September 6th: Birthdays - Statistics

General Stats
  • This quiz has been taken 7 times
  • The average score is 2 of 8
Answer Stats
Year Clue Answer % Correct
1888 Father of JFK Joseph Kennedy
71%
1943 Part of band Pink Floyd Roger Waters
43%
1947 Actress in Third Rock From The Sun Jane Curtin
29%
1766 Developed the atomic theory of matter John Dalton
14%
1757 French General Marquis de Lafayette
14%
1947 Artist of Do Ya Wanna Funk Sylvester James Jr.
14%
1972 Actor in The Wire Idris Elba
0%
1860 Won Nobel 1931 Jane Addams
0%
No matching quizzes found
Score Distribution
Percent of People with Each Score
Percentile by Number Answered
Your Score History
You have not taken this quiz